000 00328nam a22001457a 4500
003 OSt
020 _a9788131507667
082 _a361.06
_bHEP/CO
100 _aHeppner, Paul P
245 _aCounseling research
250 _a1,
260 _aAustralia
_bBooks/cole cengage learning
_c2007
300 _a475p.
942 _2ddc
_cBK
999 _c190876
_d190876